[Event "Matanzas Copa Marti"]
[Site "Matanzas"]
[Date "1999.??.??"]
[Round "?"]
[White "Valdes, Carlos"]
[Black "Ferragut, Arnaldo"]
[Result "0-1"]
[WhiteElo "2049"]
[BlackElo "2257"]
[PlyCount "50"]
[EventDate "1999.??.??"]
[EventType "tourn"]
[EventRounds "7"]
[EventCountry "CUB"]
[SourceTitle "EXT 2004"]
[Source "ChessBase"]
[SourceDate "2003.11.25"]
[SourceVersion "1"]
[SourceVersionDate "2003.11.25"]
[SourceQuality "1"]

1. d4 Nf6 2. Nf3 g6 3. Bf4 Bg7 4. h3 0-0 5. Nbd2 d6 6. e4 c5 7. dxc5 dxc5 8. Bc4 Nc6 9. c3 b6 10. 0-0 Bb7 11. Qe2 a6 12. Rfd1 Qc8 13. e5 Nh5 14. Bh2 Bh6 15. e6 f6 16. Ne4 Nf4 17. Bxf4 Bxf4 18. Rd7 Kh8 19. Rad1 Re8 20. Bd5 Rb8 21. Nxf6 exf6 22. Qe4 Qxd7 23. exd7 Rxe4 24. Bxe4 Rd8 25. g3 Be5 0-1